The deed of life ; the novels and tales of D. H. Lawrence.

Bibliographic Details
Main Author: Moynahan, Julian, 1925-
Format: Book
Language:English
Published: Princeton, N.J. : Princeton University Press, 1963.
Subjects:

MARC

Tag First Indicator Second Indicator Subfields
LEADER 00000cam a22000001 4500
001 in00000027739
005 20151007062720.0
008 730327s1963 nju 00000 eng
010 |a  63009986  
035 |a (OCoLC)00965190 
035 |9 AAD5630AM 
040 |a DLC  |c DLC  |d TXA  |d UtOrBLW 
049 |a TXAM  |c [360373] 
050 0 |a PR6023.A93  |b Z689 1963 
082 0 |a 823.912 
092 |a 823  |b L419Ymo 
100 1 |a Moynahan, Julian,  |d 1925- 
245 1 4 |a The deed of life ;  |b the novels and tales of D. H. Lawrence. 
264 1 |a Princeton, N.J. :  |b Princeton University Press,  |c 1963. 
300 |a 229 pages ;  |c 23 cm. 
336 |a text  |b txt  |2 rdacontent 
337 |a unmediated  |b n  |2 rdamedia 
338 |a volume  |b nc  |2 rdacarrier 
600 1 0 |a Lawrence, D. H.  |q (David Herbert),  |d 1885-1930. 
999 |a MARS 
999 f f |s 9ea6ea54-9245-35f6-88be-bd4db9b691dd  |i 96615a70-0a51-3574-a83c-596125bb3e4b  |t 0 
952 f f |p normal  |a Texas A&M University  |b College Station  |c Sterling C. Evans Library  |d Evans: Library Stacks  |t 0  |e PR6023.A93 Z689 1963  |h Library of Congress classification  |i unmediated -- volume  |m A14801322680 
998 f f |a PR6023.A93 Z689 1963  |t 0  |l Evans: Library Stacks